000 00891am a2200313a 44500
003 AR-BaBNM
005 20251128211053.0
008 022020s1981 #AR|||||||||||000 | esp||
040 _cAR-BaBNM
100 1 _aCaponnetto, Antonio
245 1 0 _aPedagogía y educación
_bla crisis de la contemplación en la escuela moderna
260 _a[Buenos Aires]
_bCruz y Fierro
_c1981
300 _a269 p.
490 0 _aEnsayos doctrinarios
_vv. 2
504 _aContiene referencias bibliográficas p. 261-269
600 1 4 _aPiaget, Jean
610 2 4 _aUnesco
650 4 _aPEDAGOGIA
650 4 _aHISTORIA DE LA EDUCACION
650 4 _aTEORIAS DE LA EDUCACION
650 4 _aRENACIMIENTO
650 4 _aCONTENIDO DEL PROGRAMA
650 4 _aTECNOLOGIA EDUCATIVA
650 4 _aEDUCACION RELIGIOSA
653 _aMODERNIDAD
653 _aILUMINISMO
942 _cBK
998 _craquel
999 _c18099
_d18099